| 000 | 00948nam a22002177a 4500 | ||
|---|---|---|---|
| 999 |
_c329569 _d329569 |
||
| 003 | NUST | ||
| 005 | 20170515111906.0 | ||
| 008 | 141013b xxu||||| |||| 00| 0 eng d | ||
| 020 | _a0849304822 | ||
| 040 | _c0 | ||
| 082 | _a541 LID | ||
| 100 | _9557 | ||
| 245 |
_aCRC handbook of chemistry and physics : a ready-reference book of chemical and physical data. _c[Editor] David R. Lide, Ph.D. |
||
| 250 | _a82nd ed. | ||
| 260 |
_aBoca Raton. : _b CRC Press, _c©2001. |
||
| 300 |
_a1 v. (various pagings) : _bill. ; _c 26 cm. |
||
| 500 | _aIncludes Index http://www.amazon.com/CRC-Handbook-Chemistry-Physics-84th/dp/0849304849/ref=sr_1_1?s=books&ie=UTF8&qid=1413181013&sr=1-1&keywords=0849304849 | ||
| 501 | _aH.B | ||
| 651 |
_xME _9692 |
||
| 942 |
_2ddc _cBK _k541 LID |
||